Statistiche per Ricostruisci la Carriera del Calciatore - Christian Maggio

Clicka qui per fare il quiz!

Statistiche generali

  • Questo quiz è stato fatto 4 volte
  • Il punteggio medio è 4 su 8

Statistiche sulle risposte

HintRisposta% Corretto
2021 Lecce
100%
2006Treviso
100%
2018-2021 Benevento
50%
2008-2018 Napoli
50%
2006-2008 Sampdoria
50%
2000-2003 Vicenza
50%
2003-2006 Fiorentina
0%
2022Vicenza
0%

Distribuzione punteggi

Percentile per numero di risposta

Percentuale di utenti per punteggio

I tuoi punteggi nel tempo

Non hai fatto questo quiz